Normal view
MARC view
- Baber, Tooba
Entry Personal Name
001 - CONTROL NUMBER
- control field: 132227
003 - CONTROL NUMBER IDENTIFIER
- control field: NUST
005 - DATE AND TIME OF LATEST TRANSACTION
- control field: 20251210102435.0
008 - FIXED-LENGTH DATA ELEMENTS
- fixed length control field: 251210|| aca||aabn | a|a d
040 ## - CATALOGING SOURCE
- Original cataloging agency: NUST
- Transcribing agency: NUST
100 ## - HEADING--PERSONAL NAME
- Personal name: Baber, Tooba
670 ## - SOURCE DATA FOUND
- Source citation: Work cat.: (NUST)615482: Baber, Tooba , MRCP : , 2025.
